000 00594nam a2200241Ia 4500
003 OSt
005 20221005130649.0
006 a|||||r|||| 00| 0
007 ta
008 221004b |||||||| |||| 00| 0 mal d
024 _a59275
037 _cTextual
040 _aCRL
_cCRL
_bmal
041 _2mal
_amal
082 _aYZwM97,1, 32L7
100 _aRevathi C.K. Au.
_9638445
245 0 _aSahasrapoornima
260 _c1977
300 _a436p.
_ccm.
650 _aSOCIOLOGY
942 _hYZwM97,1, 32L7
_cTEXL
_2cc
999 _c1057945
_d1057945